000 00593nam a2200193Ia 4500
003 GCL
008 140319s9999 xx 000 0 ara d
040 _aGCL /
_cGCL
082 0 4 _a346.02
_bم ج
100 1 _aمحمد ابراهيم دسوقى
245 1 0 _aالجوانب القانونية فى ادارة المفاوضات وابرام العقود /
_cمحمد ابراهيم دسوقى
300 _a245 ص
490 _aكتاب
_v0
650 0 4 _aالقانون
650 0 4 _aالعقود
650 0 4 _aالقانون الخاص
650 0 4 _aالعقوبات
942 _2ddc
_cBK
999 _c42321
_d42321